[Event "6. Copenhagen Open Politiken Cup"]
[Site "Copenhagen"]
[Date "1984.??.??"]
[Round "9"]
[White "Horvath, Tamas"]
[Black "Brinck Claussen, Bjorn"]
[Result "1-0"]
[WhiteElo "2440"]
[BlackElo "2370"]
[PlyCount "99"]
[EventDate "1984.??.??"]
[EventType "swiss"]
[EventRounds "10"]
[EventCountry "DEN"]
[SourceDate "2004.01.01"]

1. e4 e5 2. Nf3 Nc6 3. Bb5 a6 4. Ba4 Nf6 5. O-O Be7 6. Bxc6 bxc6 7. Nc3 d6 8.
d4 exd4 9. Nxd4 Bd7 10. Bf4 O-O 11. e5 dxe5 12. Bxe5 Bd6 13. Bg3 Rb8 14. Rb1 c5
15. Nb3 Rb6 16. Re1 c4 17. Nd2 Bg4 18. Qc1 Bxg3 19. hxg3 Qd4 20. Nde4 Nd5 21.
Na4 Rg6 22. c3 Qa7 23. Qd2 c6 24. b3 cxb3 25. axb3 f5 26. Nec5 f4 27. c4 fxg3
28. fxg3 Nf6 29. Rf1 Bc8 30. Qd6 Nd7 31. Rxf8+ Nxf8 32. Qd8 Bf5 33. Rf1 Rf6 34.
g4 Bc2 35. Rxf6 gxf6 36. Nb6 Kg7 37. g5 fxg5 38. Qxg5+ Bg6 39. Qe5+ Kg8 40. Nc8
Qg7 41. Ne7+ Kf7 42. Qxg7+ Kxg7 43. Nxc6 Kf6 44. Kf2 Ne6 45. Nxa6 h5 46. Ke3 h4
47. b4 Ng5 48. Nc5 Be8 49. b5 Nf7 50. Ne4+ 1-0

[Event "6. Copenhagen Open Politiken Cup"]
[Site "Copenhagen"]
[Date "1984.??.??"]
[Round "9"]
[White "Iskov, Gert"]
[Black "Berkell, Peder"]
[Result "1/2-1/2"]
[WhiteElo "2370"]
[BlackElo "2305"]
[PlyCount "104"]
[EventDate "1984.??.??"]
[EventType "swiss"]
[EventRounds "10"]
[EventCountry "DEN"]
[SourceDate "2004.01.01"]

1. e4 e5 2. Nf3 Nc6 3. Bb5 Bc5 4. O-O Nf6 5. Nxe5 Nxe5 6. d4 a6 7. dxe5 axb5 8.
exf6 Qxf6 9. Nc3 c6 10. Qh5 d6 11. Bg5 Qg6 12. Qxg6 hxg6 13. a3 f6 14. Bf4 g5
15. Bg3 Ke7 16. Rad1 Bg4 17. Rd3 Rhd8 18. Re1 b4 19. axb4 Bxb4 20. f3 Be6 21.
Bf2 Bc4 22. Rd4 b5 23. Red1 g6 24. R4d2 Ra6 25. Bd4 Rda8 26. b3 Be6 27. Rd3 Kf7
28. Bf2 Ra1 29. Ne2 Rxd1+ 30. Rxd1 Ra2 31. Nd4 Bc5 32. Rc1 Bd7 33. Ne2 Ba3 34.
Nc3 Bxc1 35. Nxa2 Bb2 36. Nb4 f5 37. Nd3 Bc3 38. h3 c5 39. Bg3 Ke6 40. Kf1 c4
41. bxc4 bxc4 42. exf5+ gxf5 43. Nc1 Bf6 44. Ne2 c3 45. Be1 Ba4 46. Bxc3 Bxc3
47. Nxc3 Bxc2 48. g3 Ke5 49. Kg2 d5 50. f4+ gxf4 51. gxf4+ Ke6 52. Nb5 Kf6
1/2-1/2

[Event "6. Copenhagen Open Politiken Cup"]
[Site "Copenhagen"]
[Date "1984.??.??"]
[Round "9"]
[White "Jacoby, Gisbert"]
[Black "Norgaard, Jesper"]
[Result "1/2-1/2"]
[WhiteElo "2245"]
[BlackElo "2315"]
[PlyCount "34"]
[EventDate "1984.??.??"]
[EventType "swiss"]
[EventRounds "10"]
[EventCountry "DEN"]
[SourceDate "2004.01.01"]

1. d4 Nf6 2. c4 c5 3. d5 e5 4. Nc3 d6 5. e4 Be7 6. Be2 O-O 7. Nf3 Nbd7 8. O-O
Ne8 9. Ne1 Bg5 10. Nd3 Bxc1 11. Qxc1 Nef6 12. a3 Nb6 13. b3 Qe7 14. Qe3 Ne8 15.
Rac1 Bd7 16. Nd1 Rc8 17. N1b2 Nc7 1/2-1/2

[Event "6. Copenhagen Open Politiken Cup"]
[Site "Copenhagen"]
[Date "1984.??.??"]
[Round "9"]
[White "Knudsen, Per"]
[Black "Sorensen, Bent"]
[Result "1/2-1/2"]
[WhiteElo "2295"]
[BlackElo "2290"]
[PlyCount "46"]
[EventDate "1984.??.??"]
[EventType "swiss"]
[EventRounds "10"]
[EventCountry "DEN"]
[SourceDate "2004.01.01"]

1. Nf3 Nf6 2. g3 d5 3. Bg2 e6 4. O-O Be7 5. c4 O-O 6. b3 c5 7. e3 b6 8. Bb2 Bb7
9. Nc3 Nbd7 10. Qe2 Rc8 11. Rfd1 Qc7 12. Rac1 Qb8 13. cxd5 Nxd5 14. Nxd5 Bxd5
15. d4 Qb7 16. dxc5 Nxc5 17. Ne1 Bxg2 18. Qg4 g6 19. Nxg2 Rfd8 20. Nf4 Qa6 21.
Ra1 Rxd1+ 22. Qxd1 Rd8 23. Qc2 Qa5 1/2-1/2

[Event "6. Copenhagen Open Politiken Cup"]
[Site "Copenhagen"]
[Date "1984.??.??"]
[Round "9"]
[White "Kovacs, Laszlo"]
[Black "Degerman, Lars"]
[Result "1-0"]
[WhiteElo "2345"]
[BlackElo "2270"]
[PlyCount "81"]
[EventDate "1984.??.??"]
[EventType "swiss"]
[EventRounds "10"]
[EventCountry "DEN"]
[SourceDate "2004.01.01"]

1. d4 Nf6 2. c4 g6 3. Nc3 Bg7 4. e4 d6 5. Nge2 O-O 6. Ng3 c5 7. d5 e6 8. Be2
exd5 9. exd5 Re8 10. O-O Nbd7 11. f4 a6 12. a4 Rb8 13. h3 h5 14. Bf3 h4 15.
Nge2 Nb6 16. b3 Bf5 17. Ra2 Nbd7 18. Kh2 Qe7 19. Bd2 Ne4 20. Be1 Nxc3 21. Nxc3
Qe3 22. Ne2 b5 23. Bf2 Qe7 24. cxb5 axb5 25. a5 b4 26. Re1 Qd8 27. a6 Ra8 28.
g4 hxg3+ 29. Nxg3 Rxe1 30. Qxe1 Bd3 31. Be2 Bxe2 32. Qxe2 Nb6 33. Qd3 Ra7 34.
f5 Qa8 35. fxg6 Qxd5 36. gxf7+ Kxf7 37. Qe3 Nc8 38. Ne4 Kg8 39. Qf3 Qf7 40. Qg4
Qf8 41. Bh4 1-0

[Event "6. Copenhagen Open Politiken Cup"]
[Site "Copenhagen"]
[Date "1984.??.??"]
[Round "9"]
[White "Lindberg, Bengt"]
[Black "Pokojowczyk, Jerzy"]
[Result "1-0"]
[WhiteElo "2265"]
[BlackElo "2370"]
[PlyCount "47"]
[EventDate "1984.??.??"]
[EventType "swiss"]
[EventRounds "10"]
[EventCountry "DEN"]
[SourceDate "2004.01.01"]

1. e4 c5 2. Nf3 e6 3. d4 cxd4 4. Nxd4 Nf6 5. Nc3 d6 6. g4 h6 7. Rg1 Nc6 8. Be3
g5 9. Bb5 Bd7 10. Qe2 a6 11. Nxc6 bxc6 12. Bxa6 Qa5 13. Bc4 Be7 14. O-O-O Rb8
15. h4 gxh4 16. f4 d5 17. Bb3 Rb4 18. exd5 Nxd5 19. Nxd5 cxd5 20. Bd2 Qb5 21.
Qe5 f6 22. Qh5+ Kd8 23. Bxb4 Qxb4 24. f5 1-0

[Event "6. Copenhagen Open Politiken Cup"]
[Site "Copenhagen"]
[Date "1984.??.??"]
[Round "9"]
[White "Moe, Mogens"]
[Black "Hvenekilde, Jorgen"]
[Result "0-1"]
[WhiteElo "2350"]
[BlackElo "2290"]
[PlyCount "68"]
[EventDate "1984.??.??"]
[EventType "swiss"]
[EventRounds "10"]
[EventCountry "DEN"]
[SourceDate "2004.01.01"]

1. e4 e5 2. Nf3 d6 3. Bc4 Nc6 4. c3 Be7 5. Qb3 Nh6 6. d4 Na5 7. Qa4+ c6 8. Bxh6
b5 9. Qc2 Nxc4 10. b3 Nb6 11. Bxg7 Rg8 12. Bh6 Rxg2 13. Nbd2 exd4 14. cxd4 Rg6
15. Bf4 Bb7 16. a4 a5 17. h4 Qd7 18. h5 Rg4 19. Be3 Rc8 20. e5 f5 21. exd6 Bxd6
22. Ne5 Bxe5 23. dxe5 c5 24. f3 Nd5 25. Bh6 Nb4 26. Qc3 Nd3+ 27. Ke2 Rg2+ 28.
Ke3 f4+ 29. Bxf4 Nxf4 30. Kxf4 Rxd2 31. e6 Rd4+ 32. Ke3 Qd5 33. Ke2 b4 34. Qe3
Rc6 0-1

[Event "6. Copenhagen Open Politiken Cup"]
[Site "Copenhagen"]
[Date "1984.??.??"]
[Round "9"]
[White "Petersen, Finn"]
[Black "Kristensen, Leif Sogaard"]
[Result "0-1"]
[WhiteElo "2320"]
[BlackElo "2220"]
[PlyCount "80"]
[EventDate "1984.??.??"]
[EventType "swiss"]
[EventRounds "10"]
[EventCountry "DEN"]
[SourceDate "2004.01.01"]

1. e4 d5 2. exd5 Qxd5 3. Nc3 Qa5 4. d4 Nf6 5. Nf3 Bf5 6. Ne5 c6 7. Nc4 Qc7 8.
Bd3 Bxd3 9. Qxd3 Nbd7 10. O-O b5 11. Ne3 e6 12. a4 b4 13. Ne4 Nxe4 14. Qxe4 Nf6
15. Qf3 Bd6 16. h3 Nd5 17. Nc4 Be7 18. Ne5 Bd6 19. c4 bxc3 20. bxc3 Bxe5 21.
dxe5 O-O 22. Re1 Rab8 23. c4 Ne7 24. Ba3 c5 25. Qe3 Rfc8 26. g4 h5 27. f3 hxg4
28. hxg4 Rb7 29. Kg2 Ng6 30. Re2 Qb8 31. Kg3 Rb3 32. Qe4 Qc7 33. Bc1 Rd8 34.
Rb1 Rxb1 35. Qxb1 Rd1 36. Qc2 Qd8 37. g5 Qd4 38. Be3 Qh4+ 39. Kg2 Rh1 40. Bg1
Nf4+ 0-1

[Event "6. Copenhagen Open Politiken Cup"]
[Site "Copenhagen"]
[Date "1984.??.??"]
[Round "9"]
[White "Poulsen, Allan"]
[Black "Reinert, Mads"]
[Result "1/2-1/2"]
[WhiteElo "2350"]
[BlackElo "2330"]
[PlyCount "79"]
[EventDate "1984.??.??"]
[EventType "swiss"]
[EventRounds "10"]
[EventCountry "DEN"]
[SourceDate "2004.01.01"]

1. e4 c5 2. Nf3 e6 3. d4 cxd4 4. Nxd4 Nf6 5. Nc3 Nc6 6. g3 d5 7. Bg5 Qb6 8. Bb5
a6 9. Bxc6+ bxc6 10. O-O c5 11. Nde2 d4 12. Na4 Qc6 13. Bxf6 gxf6 14. c3 d3 15.
Nf4 c4 16. Re1 h5 17. b3 h4 18. Nd5 hxg3 19. hxg3 f5 20. bxc4 fxe4 21. Rxe4 f5
22. Re1 Kf7 23. Qxd3 Qxa4 24. Qd4 Bg7 25. Qc5 Qd7 26. Rad1 Rh6 27. Nc7 Qe7 28.
Qxe7+ Kxe7 29. Nxa8 Bb7 30. f3 Bxf3 31. Nb6 Bxc3 32. Rd7+ Ke8 33. Re3 Ba5 34.
Rd6 Be4 35. c5 Bb4 36. Na4 Rh1+ 37. Kf2 Ra1 38. Rxe6+ Kf7 39. R6xe4 fxe4 40.
Re2 1/2-1/2

[Event "6. Copenhagen Open Politiken Cup"]
[Site "Copenhagen"]
[Date "1984.??.??"]
[Round "9"]
[White "Schandorff, Lars"]
[Black "Tompa, Janos"]
[Result "1/2-1/2"]
[WhiteElo "2310"]
[BlackElo "2420"]
[PlyCount "43"]
[EventDate "1984.??.??"]
[EventType "swiss"]
[EventRounds "10"]
[EventCountry "DEN"]
[SourceDate "2004.01.01"]

1. e4 c5 2. Nc3 d6 3. g3 Nc6 4. Bg2 g6 5. d3 Bg7 6. Nge2 e6 7. O-O Nge7 8. Bg5
O-O 9. Qd2 f6 10. Be3 e5 11. f4 Nd4 12. Rf2 Rb8 13. Raf1 b5 14. Nc1 b4 15. Nd1
Qa5 16. fxe5 dxe5 17. c3 Ne6 18. Bh6 bxc3 19. bxc3 Qc7 20. Bxg7 Kxg7 21. Ne3
Ng5 22. h4 1/2-1/2

[Event "6. Copenhagen Open Politiken Cup"]
[Site "Copenhagen"]
[Date "1984.??.??"]
[Round "9"]
[White "Sznapik, Aleksander"]
[Black "Kristiansen, Jens"]
[Result "1-0"]
[WhiteElo "2460"]
[BlackElo "2450"]
[PlyCount "67"]
[EventDate "1984.??.??"]
[EventType "swiss"]
[EventRounds "10"]
[EventCountry "DEN"]
[SourceDate "2004.01.01"]

1. e4 c5 2. Nf3 Nc6 3. d4 cxd4 4. Nxd4 Nf6 5. Nc3 d6 6. Bg5 Bd7 7. Bxf6 gxf6 8.
Bc4 Qa5 9. Nde2 f5 10. O-O Bg7 11. exf5 Bxf5 12. Ng3 Bg6 13. Nd5 e6 14. Nf4 d5
15. Bb3 Bxb2 16. Rb1 Be5 17. Qf3 Qc3 18. Nd3 Bd6 19. Ba4 O-O-O 20. Ne2 Qc4 21.
Bxc6 Qxc6 22. Nd4 Qc4 23. Qe3 a6 24. Rb3 Bc7 25. Rfb1 b5 26. Ne5 Bxe5 27. Qxe5
Qc7 28. Qe3 Kd7 29. Rc3 Qb7 30. a4 b4 31. Nc6 a5 32. Qc5 Rde8 33. Ne5+ Kd8 34.
Qd6+ 1-0

[Event "6. Copenhagen Open Politiken Cup"]
[Site "Copenhagen"]
[Date "1984.??.??"]
[Round "9"]
[White "Sorensen, Henrik"]
[Black "Nilsson, Nils Specht"]
[Result "0-1"]
[WhiteElo "2250"]
[BlackElo "2245"]
[PlyCount "54"]
[EventDate "1984.??.??"]
[EventType "swiss"]
[EventRounds "10"]
[EventCountry "DEN"]
[SourceDate "2004.01.01"]

1. d4 c5 2. d5 e5 3. e4 d6 4. c4 Be7 5. Nc3 Bg5 6. g3 Bxc1 7. Rxc1 Ne7 8. f4
exf4 9. gxf4 Ng6 10. Nf3 Nxf4 11. Rg1 Ng6 12. Rc2 Nd7 13. Rf2 Nf6 14. Ng5 Qe7
15. Be2 Bd7 16. Bh5 O-O-O 17. Kd2 Ne5 18. Nxf7 Nxf7 19. Rxg7 Rhf8 20. Rxf7 Rxf7
21. Bxf7 Qxf7 22. Qf1 Rf8 23. e5 dxe5 24. Kc2 Qg6+ 25. Kb3 b6 26. a3 h5 27. h3
Qg7 0-1

[Event "6. Copenhagen Open Politiken Cup"]
[Site "Copenhagen"]
[Date "1984.??.??"]
[Round "9"]
[White "Wedberg, Tom"]
[Black "Van Mil, Johan"]
[Result "1-0"]
[WhiteElo "2495"]
[BlackElo "2370"]
[PlyCount "81"]
[EventDate "1984.??.??"]
[EventType "swiss"]
[EventRounds "10"]
[EventCountry "DEN"]
[SourceDate "2004.01.01"]

1. c4 f5 2. g3 Nf6 3. Bg2 g6 4. Nc3 Bg7 5. e3 d6 6. Nge2 O-O 7. Rb1 e5 8. d3 a5
9. a3 Nc6 10. b4 axb4 11. axb4 Qe7 12. O-O Nd8 13. Rb3 Be6 14. Ra3 Rxa3 15.
Bxa3 g5 16. f4 gxf4 17. exf4 e4 18. Qd2 Qf7 19. dxe4 fxe4 20. c5 d5 21. f5 Bc8
22. h3 h5 23. b5 c6 24. Nd4 Qc7 25. Nce2 Nf7 26. Nf4 Ne5 27. Nfe6 Bxe6 28. Nxe6
Nc4 29. Qg5 Qe7 30. Nxf8 Kxf8 31. Bb4 Qe5 32. bxc6 bxc6 33. Rb1 e3 34. Be1 e2
35. Rb7 Qe3+ 36. Qxe3 Nxe3 37. Bf3 d4 38. Bxe2 Nxf5 39. Bc4 Ne3 40. Be6 Nc2 41.
Ba5 1-0

[Event "6. Copenhagen Open Politiken Cup"]
[Site "Copenhagen"]
[Date "1984.??.??"]
[Round "10"]
[White "Bator, Robert"]
[Black "Hoi, Carsten"]
[Result "1-0"]
[WhiteElo "2365"]
[BlackElo "2400"]
[PlyCount "103"]
[EventDate "1984.??.??"]
[EventType "swiss"]
[EventRounds "10"]
[EventCountry "DEN"]
[SourceDate "2004.01.01"]

1. c4 Nf6 2. b3 e6 3. Bb2 d5 4. Nf3 Be7 5. e3 O-O 6. Be2 c5 7. O-O Nc6 8. d4
cxd4 9. exd4 b6 10. Nbd2 Bb7 11. Re1 Rc8 12. Rc1 Re8 13. Bd3 Bb4 14. Ne5 Nxe5
15. Rxe5 Qe7 16. Nf3 Ba3 17. Bxa3 Qxa3 18. Rc2 Red8 19. Re3 Qd6 20. Rd2 g6 21.
h3 Kg7 22. Ne5 dxc4 23. Bxc4 Nd5 24. Rg3 f6 25. Ng4 Rc7 26. h4 Rdc8 27. Bxd5
Bxd5 28. Qe2 Rc1+ 29. Kh2 Ra1 30. Rc2 Rxc2 31. Qxc2 Qf4 32. Qc8 e5 33. dxe5
fxe5 34. Qc7+ Bf7 35. h5 Rd1 36. h6+ Kf8 37. Qxe5 Qxe5 38. Nxe5 Be8 39. Rf3+
Ke7 40. Re3 Kf8 41. Ng4 Rd6 42. f4 Bc6 43. Ne5 Be8 44. Kg3 Rd2 45. a3 Ra2 46.
b4 Bb5 47. Rc3 a5 48. bxa5 bxa5 49. Nxg6+ Kf7 50. Ne5+ Kf6 51. Kf3 a4 52. g4
1-0

[Event "6. Copenhagen Open Politiken Cup"]
[Site "Copenhagen"]
[Date "1984.??.??"]
[Round "10"]
[White "Bjarnason, Saevar"]
[Black "Kovacs, Laszlo"]
[Result "1-0"]
[WhiteElo "2375"]
[BlackElo "2345"]
[PlyCount "117"]
[EventDate "1984.??.??"]
[EventType "swiss"]
[EventRounds "10"]
[EventCountry "DEN"]
[SourceDate "2004.01.01"]

1. d4 Nf6 2. c4 e6 3. Nf3 b6 4. a3 Bb7 5. Nc3 d5 6. cxd5 Nxd5 7. e3 Be7 8. Bb5+
c6 9. Bd3 Nd7 10. e4 Nxc3 11. bxc3 c5 12. O-O O-O 13. Qe2 Re8 14. a4 Bf8 15.
Bb2 a6 16. Nd2 f5 17. Rfe1 Nf6 18. f3 cxd4 19. cxd4 Bb4 20. Rac1 Nh5 21. Qe3
Qh4 22. Rc4 a5 23. Rc2 fxe4 24. fxe4 Rf8 25. Rec1 Nf4 26. Bc4 Qg5 27. Nf1 Qg6
28. Ng3 Kh8 29. Kh1 Rac8 30. Bb3 Rxc2 31. Bxc2 h5 32. Rf1 Qg5 33. Rf2 Qh6 34.
Bc1 g5 35. Bb2 h4 36. Nf1 h3 37. gxh3 Nxh3 38. Rxf8+ Bxf8 39. d5+ Kg8 40. Qxb6
Bc8 41. Qxa5 Nf4 42. dxe6 Bxe6 43. Qe5 Nh3 44. Qf6 Qxf6 45. Bxf6 Bc5 46. Kg2
Kf7 47. Be5 Nf2 48. Kg3 Ng4 49. Bc7 Nf6 50. Nd2 Nh5+ 51. Kf3 g4+ 52. Ke2 Nf6
53. a5 Bc8 54. Bd3 Nd7 55. Nc4 Ke6 56. Nb6 Bb7 57. Nxd7 Kxd7 58. Bf4 Bg1 59.
Kf1 1-0

[Event "6. Copenhagen Open Politiken Cup"]
[Site "Copenhagen"]
[Date "1984.??.??"]
[Round "10"]
[White "Brinck Claussen, Bjorn"]
[Black "Barczay, Laszlo"]
[Result "1/2-1/2"]
[WhiteElo "2370"]
[BlackElo "2410"]
[PlyCount "44"]
[EventDate "1984.??.??"]
[EventType "swiss"]
[EventRounds "10"]
[EventCountry "DEN"]
[SourceDate "2004.01.01"]

1. d4 d5 2. c4 e6 3. Nc3 c5 4. cxd5 exd5 5. Nf3 Nc6 6. g3 Nf6 7. Bg2 Be7 8. O-O
O-O 9. b3 Ne4 10. Bb2 Bf6 11. Na4 b6 12. dxc5 Bxb2 13. Nxb2 bxc5 14. Rc1 Re8
15. Nd2 Qf6 16. Nxe4 dxe4 17. Na4 Bg4 18. Rxc5 Rad8 19. Qa1 Nd4 20. Nc3 Qb6 21.
Rg5 f5 22. e3 Ne6 1/2-1/2

[Event "6. Copenhagen Open Politiken Cup"]
[Site "Copenhagen"]
[Date "1984.??.??"]
[Round "10"]
[White "Cramling, Dan"]
[Black "Wockenfuss, Klaus"]
[Result "1-0"]
[WhiteElo "2380"]
[BlackElo "2310"]
[PlyCount "109"]
[EventDate "1984.??.??"]
[EventType "swiss"]
[EventRounds "10"]
[EventCountry "DEN"]
[SourceDate "2004.01.01"]

1. c4 Nf6 2. Nc3 c5 3. Nf3 e6 4. e3 a6 5. d4 d5 6. cxd5 exd5 7. Be2 Nc6 8. O-O
Bd6 9. dxc5 Bxc5 10. b3 O-O 11. Bb2 Ba7 12. Qd3 Be6 13. Rad1 Qe7 14. Ng5 Ne5
15. Qb1 h6 16. Rxd5 Bb8 17. Nxe6 Qxe6 18. Rdd1 Neg4 19. g3 h5 20. Bc4 Qe5 21.
Nd5 Qg5 22. Qf5 Qxf5 23. Ne7+ Kh8 24. Nxf5 Be5 25. Ba3 Rfc8 26. h3 Nh6 27. Nxh6
gxh6 28. Bxf7 Rc2 29. b4 h4 30. g4 h5 31. Bb3 Re2 32. Rfe1 Rxe1+ 33. Rxe1 hxg4
34. hxg4 Nxg4 35. Be6 Nf6 36. Rc1 Re8 37. Rc8 Kg7 38. Rxe8 Nxe8 39. Bc1 Nd6 40.
Kg2 Ne4 41. f4 Bc3 42. Kf3 Nd6 43. a3 b5 44. e4 a5 45. bxa5 Bxa5 46. e5 Ne8 47.
Be3 Nc7 48. Bb3 Bc3 49. Kg4 Na6 50. Kxh4 Bb2 51. Bd5 Bxa3 52. f5 Nc5 53. f6+
Kh7 54. Bxc5 Bxc5 55. e6 1-0

[Event "6. Copenhagen Open Politiken Cup"]
[Site "Copenhagen"]
[Date "1984.??.??"]
[Round "10"]
[White "Fedder, Steen"]
[Black "Davies, Nigel"]
[Result "1-0"]
[WhiteElo "2420"]
[BlackElo "2340"]
[PlyCount "71"]
[EventDate "1984.??.??"]
[EventType "swiss"]
[EventRounds "10"]
[EventCountry "DEN"]
[SourceDate "2004.01.01"]

1. d4 g6 2. c4 Bg7 3. Nc3 c5 4. d5 Nf6 5. e4 d6 6. Nf3 O-O 7. Be2 e6 8. Bg5 h6
9. Bh4 g5 10. Bg3 exd5 11. cxd5 Nh5 12. Nd2 Nf4 13. O-O Nd7 14. Nc4 Ne5 15. Ne3
a6 16. a4 Rb8 17. h3 Re8 18. Bg4 Nxg4 19. hxg4 b5 20. axb5 axb5 21. Qf3 Nd3 22.
Nf5 Bxf5 23. Qxd3 c4 24. Qe2 Bg6 25. f3 b4 26. Nd1 Qc7 27. Ne3 c3 28. bxc3 bxc3
29. Nc4 Red8 30. Ra6 Qc5+ 31. Kh2 Qb5 32. Ra2 Bf8 33. Rc1 Qb4 34. Na5 Rdc8 35.
Nc6 Rxc6 36. dxc6 1-0

[Event "6. Copenhagen Open Politiken Cup"]
[Site "Copenhagen"]
[Date "1984.??.??"]
[Round "10"]
[White "Gallagher, Joseph G"]
[Black "Portisch, Ferenc"]
[Result "1/2-1/2"]
[WhiteElo "2260"]
[BlackElo "2445"]
[PlyCount "21"]
[EventDate "1984.??.??"]
[EventType "swiss"]
[EventRounds "10"]
[EventCountry "DEN"]
[SourceDate "2004.01.01"]

1. d4 Nf6 2. c4 g6 3. Nc3 Bg7 4. e4 d6 5. Be2 O-O 6. Nf3 Bg4 7. Be3 Nc6 8. O-O
Re8 9. d5 Bxf3 10. Bxf3 Na5 11. Be2 1/2-1/2

[Event "6. Copenhagen Open Politiken Cup"]
[Site "Copenhagen"]
[Date "1984.??.??"]
[Round "10"]
[White "Heyken, Enno"]
[Black "Pokojowczyk, Jerzy"]
[Result "1/2-1/2"]
[WhiteElo "2300"]
[BlackElo "2370"]
[PlyCount "21"]
[EventDate "1984.??.??"]
[EventType "swiss"]
[EventRounds "10"]
[EventCountry "DEN"]
[SourceDate "2004.01.01"]

1. e4 e6 2. d4 d5 3. Nd2 Nf6 4. e5 Nfd7 5. Ndf3 c5 6. c3 Nc6 7. Bd3 cxd4 8.
cxd4 f6 9. exf6 Nxf6 10. Ne2 Bd6 11. O-O 1/2-1/2

[Event "6. Copenhagen Open Politiken Cup"]
[Site "Copenhagen"]
[Date "1984.??.??"]
[Round "10"]
[White "Hvenekilde, Jorgen"]
[Black "Norgaard, Jesper"]
[Result "0-1"]
[WhiteElo "2290"]
[BlackElo "2315"]
[PlyCount "60"]
[EventDate "1984.??.??"]
[EventType "swiss"]
[EventRounds "10"]
[EventCountry "DEN"]
[SourceDate "2004.01.01"]

1. d4 Nf6 2. Nf3 g6 3. c4 Bg7 4. Nc3 O-O 5. e4 d6 6. Be2 e5 7. O-O Nbd7 8. Qc2
c6 9. Rd1 Re8 10. Rb1 exd4 11. Nxd4 Nc5 12. f3 a5 13. b3 Nh5 14. Be3 Be5 15. g3
Qe7 16. a3 f5 17. b4 axb4 18. axb4 f4 19. gxf4 Nxf4 20. Bxf4 Bxf4 21. bxc5 dxc5
22. Nb3 Bxh2+ 23. Kf2 Qh4+ 24. Ke3 Bf4+ 25. Kd3 Rd8+ 26. Nd5 cxd5 27. cxd5
Rxd5+ 28. Kc4 Ra4+ 29. Kb5 Rb4+ 30. Ka5 Bc7# 0-1

[Event "6. Copenhagen Open Politiken Cup"]
[Site "Copenhagen"]
[Date "1984.??.??"]
[Round "10"]
[White "Jensen, Allan Astrup"]
[Black "Petersen, Finn"]
[Result "1/2-1/2"]
[WhiteElo "2240"]
[BlackElo "2320"]
[PlyCount "24"]
[EventDate "1984.??.??"]
[EventType "swiss"]
[EventRounds "10"]
[EventCountry "DEN"]
[SourceDate "2004.01.01"]

1. e4 c5 2. Nc3 Nc6 3. f4 e6 4. Nf3 d5 5. Bb5 a6 6. Bxc6+ bxc6 7. O-O c4 8. d3
cxd3 9. cxd3 dxe4 10. dxe4 Bc5+ 11. Kh1 Qxd1 12. Rxd1 Nf6 1/2-1/2

[Event "6. Copenhagen Open Politiken Cup"]
[Site "Copenhagen"]
[Date "1984.??.??"]
[Round "10"]
[White "Kristensen, Leif Sogaard"]
[Black "Berg, Klaus"]
[Result "1/2-1/2"]
[WhiteElo "2220"]
[BlackElo "2400"]
[PlyCount "23"]
[EventDate "1984.??.??"]
[EventType "swiss"]
[EventRounds "10"]
[EventCountry "DEN"]
[SourceDate "2004.01.01"]

1. e4 c6 2. d4 d5 3. exd5 cxd5 4. Bd3 Nc6 5. c3 Nf6 6. Bf4 Bg4 7. Qb3 Qc8 8.
Nd2 e6 9. Ngf3 Be7 10. O-O Bh5 11. Ne5 Bd6 12. Bb5 1/2-1/2

[Event "6. Copenhagen Open Politiken Cup"]
[Site "Copenhagen"]
[Date "1984.??.??"]
[Round "10"]
[White "Kristiansen, Jens"]
[Black "King, Daniel J"]
[Result "1-0"]
[WhiteElo "2450"]
[BlackElo "2435"]
[PlyCount "41"]
[EventDate "1984.??.??"]
[EventType "swiss"]
[EventRounds "10"]
[EventCountry "DEN"]
[SourceDate "2004.01.01"]

1. e4 c5 2. Nf3 d6 3. d4 Nf6 4. Nc3 cxd4 5. Nxd4 a6 6. Bd3 e5 7. Nde2 Nbd7 8.
O-O Nc5 9. Ng3 Be7 10. f4 b5 11. a3 O-O 12. Qf3 Bg4 13. Qf2 exf4 14. Bxf4 Be6
15. Be2 Qb6 16. Rad1 b4 17. Nd5 Bxd5 18. exd5 Rfe8 19. Be3 bxa3 20. bxa3 Qb7
21. Bxc5 1-0

[Event "6. Copenhagen Open Politiken Cup"]
[Site "Copenhagen"]
[Date "1984.??.??"]
[Round "10"]
[White "Lengyel, Levente"]
[Black "Lindberg, Bengt"]
[Result "1/2-1/2"]
[WhiteElo "2415"]
[BlackElo "2265"]
[PlyCount "91"]
[EventDate "1984.??.??"]
[EventType "swiss"]
[EventRounds "10"]
[EventCountry "DEN"]
[SourceDate "2004.01.01"]

1. Nf3 Nf6 2. c4 g6 3. g3 Bg7 4. Bg2 O-O 5. d4 d6 6. Nc3 Nc6 7. O-O a6 8. d5
Na5 9. Nd2 c5 10. Qc2 Rb8 11. b3 b5 12. Bb2 Bh6 13. f4 bxc4 14. bxc4 e5 15.
Rae1 exf4 16. gxf4 Nh5 17. e3 Bg7 18. Nd1 Bxb2 19. Nxb2 Rb7 20. e4 Re7 21. Nd3
f6 22. Qc3 Nb7 23. Bf3 Ng7 24. Rf2 Qe8 25. Rfe2 g5 26. e5 fxe5 27. fxe5 g4 28.
Bg2 dxe5 29. Rxe5 Rxe5 30. Rxe5 Qg6 31. Ne4 Nf5 32. Qb2 Nbd6 33. Nxd6 Nxd6 34.
Qc3 Rf3 35. Bxf3 gxf3+ 36. Kf2 Qg2+ 37. Ke3 Nf5+ 38. Rxf5 Bxf5 39. Nf2 Qxh2 40.
Qf6 Bg6 41. Qd8+ Kg7 42. Qe7+ Kg8 43. Qxc5 Qe5+ 44. Kxf3 Qf5+ 45. Kg3 Qe5+ 46.
Kf3 1/2-1/2

[Event "6. Copenhagen Open Politiken Cup"]
[Site "Copenhagen"]
[Date "1984.??.??"]
[Round "10"]
[White "Matulovic, Milan"]
[Black "Westerinen, Heikki"]
[Result "1/2-1/2"]
[WhiteElo "2465"]
[BlackElo "2385"]
[PlyCount "43"]
[EventDate "1984.??.??"]
[EventType "swiss"]
[EventRounds "10"]
[EventCountry "DEN"]
[SourceDate "2004.01.01"]

1. e4 d5 2. exd5 Qxd5 3. Nc3 Qa5 4. d4 Nf6 5. Nf3 Bf5 6. Bd3 e6 7. Bxf5 Qxf5 8.
O-O Nc6 9. Qe2 O-O-O 10. Rd1 h6 11. Be3 g5 12. Ne5 Nxe5 13. dxe5 Rxd1+ 14. Rxd1
Qxe5 15. Qc4 Bd6 16. g3 Kb8 17. Bd4 Qf5 18. Nb5 a6 19. Nxd6 cxd6 20. Qb4 Rd8
21. Qb6 Kc8 22. Bxf6 1/2-1/2

[Event "6. Copenhagen Open Politiken Cup"]
[Site "Copenhagen"]
[Date "1984.??.??"]
[Round "10"]
[White "Moe, Mogens"]
[Black "Carl, Manfred"]
[Result "1-0"]
[WhiteElo "2350"]
[BlackElo "2230"]
[PlyCount "103"]
[EventDate "1984.??.??"]
[EventType "swiss"]
[EventRounds "10"]
[EventCountry "DEN"]
[SourceDate "2004.01.01"]

1. e4 e6 2. d4 d5 3. Nc3 Bb4 4. e5 b6 5. Qg4 Bf8 6. h4 h5 7. Qf3 Ba6 8. Bg5 Qd7
9. Nge2 c5 10. a4 cxd4 11. Nb5 d3 12. Qxd3 Nc6 13. Bf4 Rc8 14. c3 Bb7 15. f3
Nh6 16. Ned4 Nxd4 17. Nxd4 a6 18. Be2 Ng8 19. g4 Ne7 20. Bg3 Nc6 21. gxh5 Qc7
22. Nxc6 Qxc6 23. Rh2 Rxh5 24. f4 Rh6 25. h5 Qc4 26. Qd4 Qc6 27. Qd2 Bc5 28.
Bf3 b5 29. axb5 axb5 30. Bf2 Ra8 31. Rxa8+ Bxa8 32. Rg2 Kf8 33. Bxc5+ Qxc5 34.
Qd4 Qe7 35. Qb6 g6 36. Qb8+ Qe8 37. Qxe8+ Kxe8 38. hxg6 Rxg6 39. Rxg6 fxg6 40.
Be2 Bc6 41. Bd3 Kf7 42. Kd2 Kg7 43. Ke3 Kh6 44. Kd4 g5 45. fxg5+ Kxg5 46. Kc5
Be8 47. Kd6 Kf4 48. Kxe6 Ke3 49. Bxb5 Bxb5 50. Kxd5 Kd3 51. e6 Kc2 52. c4 1-0